| 000 | 00845nas a22002651c 4500 | ||
|---|---|---|---|
| 001 | zs0033 | ||
| 008 | 111216s2006 gw |||| 000u rus d | ||
| 245 | 0 | 0 |
_aSavvinskie čtenija : _bsbornik trudov naučnoj konferenzii po istorii Zvenigorodskogo kraja |
| 264 |
_aZvenigorod, _c2006 |
||
| 600 | 0 | _aSavva <Storoževskij> | |
| 650 | 0 | _aKirche | |
| 650 | 0 | _aOrthodoxie | |
| 650 | 0 | _aHeiligenverehrung | |
| 650 | 0 | _aMönchstum | |
| 651 | 0 | _aZvenigorod | |
| 651 | 0 | _aMoskau | |
| 700 | 1 |
_aGladyševa, E. V. _eHerausgeberIn |
|
| 710 | 2 | _aSavvino-Storoževskij stavropigal'nyj monastyr' | |
| 710 | 2 | _aZvenigorodskij istoriko-architekturnyj i chudožestvennyj muzej | |
| 910 | 0 | 0 | _a1.2006 |
| 942 | _cMG | ||
| 040 | _cRU-10907106 | ||
| 003 | RU-10907106 | ||
| 999 |
_c32806 _d32806 |
||
| 490 | 0 | _aTrudy Zvenigorodskogo istoriko-architekturnogo i chudožestvennogo muzeja | |